Les films ET téléfilms tirés d'oeuvres de Georges Simenon - Statistiques

Statistiques générales
  • Ce quiz a été pris 4 fois
  • Le résultat moyen est 37 sur 93
Statistiques - réponses
Indices Film % Correct
Granier-Deferre - Jean Gabin - 1971 Le Chat
100%
Leconte - Gérard Depardieu - 2022 Maigret
100%
Delannoy - Jean Gabin - 1958 Maigret tend un piège
100%
Chabrol - Marie Trintignant - 1992 Betty
67%
Verneuil - Raymond Rouleau - 1952 Brelan d'as
67%
* Verhaeghe - Line Renaud - 2010 En cas de malheur
67%
Autant-Lara - Brigitte Bardot - 1958 En cas de malheur
67%
Gainsbourg - Francis Huster - 1983 Equateur
67%
Amalric - Mathieu Amalric - 2014 La chambre bleue
67%
Granier-Deferre - Simone Signoret - 1971 La veuve Couderc
67%
La Patellière - Lino Ventura - 1962 Le bateau d'Emile
67%
Tarride - Abel Tarride - 1932 Le chien jaune
67%
Chabrol - Michel Serrault - 1982 Les fantômes du chapelier
67%
Decoin - Raimu - 1942 Les inconnus dans la maison
67%
Becker - Gérard Depardieu - 2022 Les volets verts
67%
Granier-Deferre - Simone Signoret - 1982 L'Etoile du Nord
67%
Meredith - Charles Laughton - 1949 L'homme de la Tour Eiffel
67%
Decoin - Fernand Ledoux - 1943 L'homme de Londres
67%
Tarr - Miroslav Krobot - 2007 L'homme de Londres
67%
Deray - Alain Delon - 1994 L'ours en peluche
67%
Delannoy - Jean Gabin - 1959 Maigret et l'Affaire Saint-Fiacre
67%
Leconte - Michel Blanc - 1989 Monsieur Hire
67%
Duvivier - Michel Simon - 1946 Panique
67%
Dréville - Henri Garat - 1942 Annette et la Dame blonde
33%
Vajda - Milú - 1947 Barrio
33%
Tourneur - Albert Préjean - 1944 Cécile est morte
33%
Maurette - Raymond Rouleau - 1947 Dernier refuge
33%
Jolivet - Gérard Lanvin - 1998 En plein coeur
33%
Kahn - Jean-Pierre Darroussin - 2004 Feux rouges
33%
* Sassy - Jacques Dumesnil - 1978 Il y a encore des noisetiers
33%
* Malleval - Bruno Solo - 2009 Jusqu'à l'enfer
33%
* Malleval - Tom Hudson - 2015 La boule noire
33%
Fieschi - Nathalie Baye - 2006 La Californie
33%
* Wendkos - Ben Gazzara - 1972 La famille Rico
33%
* Goretta - Bernard Le Coq - 2004 La fuite de Monsieur Monde
33%
* Stora - Jean-Paul Belmondo - 2001 L'aîné des Ferchaux
33%
Melville - Alain Delon - 1963 L'aîné des Ferchaux
33%
Valentin - André Brunot - 1942 La maison des sept jeunes filles
33%
* Berliner - Isild Le Besco - 2003 La maison du canal
33%
Carné - Jean Gabin - 1949 La Marie du port
33%
* Malleval - Jean-Pierre Darroussin - 2015 La mort d'Auguste
33%
Molinaro - Jean Desailly - 1961 La mort de Belle
33%
Saslavsky, - Daniel Gélin - 1953 La neige était sale
33%
Renoir - Pierre Renoir - 1932 La nuit du carrefour
33%
Horner/Portillo - Lee Marvin - 1955 La sixième victime
33%
Runze - Gerhard Olschewski - 1979 L'Assassin
33%
Duvivier - Harry Baur - 1933 La tête d'un homme
33%
* Jourd'hui - Eddy Mitchell - 2005 La tête haute
33%
Decoin - Jean Gabin - 1952 La vérité sur Bébé Donge
33%
Delannoy - Jean Gabin - 1963 Le baron de l'écluse
33%
* Niermans - Laurent Grévill - 1995 Le blanc à lunettes
33%
Hathaway - Van Johnson - 1956 Le fond de la bouteille
33%
Verneuil - Fernandel - 1952 Le fruit défendu
33%
* Villaronga - Simon Callow - 1995 Le passager clandestin
33%
Habib - Martine Carol - 1958 Le passager clandestin
33%
* Whittaker - Donald Sumpter - 1997 Le policier de Tanger
33%
Verneuil - Jean Gabin - 1961 Le Président
33%
Grangier - Jean Gabin - 1956 Le sang à la tête
33%
* Grospierre - Michel Bouquet - 1977 Les anneaux de Bicêtre
33%
* Malleval - Laurent Gerra - 2013 L'escalier de fer
33%
Pottier - Albert Préjean - 1945 Les caves du Majestic
33%
* Venault - Jacques Gamblin - 1996 Les clients d'Avrenos
33%
* Moati - Bernard Verley - 1999 Les Complices
33%
Karlson - Richard Conte - 1957 Les Frères Rico
33%
* Garay - Juanjo Puigcorbé - 1994 Les gens d'en face
33%
* Malleval - Olivier Marchal - 2006 Les Innocents
33%
Granier-Deferre - Jean-Louis Trintignant - 1973 Le Train
33%
* Huppert - Roland Blanche - 1989 Le train de Vienne
33%
* Laïk - Renaud Cestre - 2005 Le voyageur de la Toussaint
33%
Daquin - Jules Berry - 1943 Le voyageur de la Toussaint
33%
* Degèsves - Gilles Ségal - 1979 L'homme au petit chien
33%
French - Claude Rains - 1952 L'homme qui regardait passer les trains
33%
Tavernier - Philippe Noiret - 1974 L'horloger de Saint-Paul
33%
* Coldefy - Louis Arbessier - 1960 Liberty Bar
33%
Lautner - Jean-Paul Belmondo - 1992 L'inconnu dans la maison
33%
Rouve - James Mason - 1965 L'inconnu dans la maison
33%
* Tasma - Benoît Magimel - 1996 Long cours
33%
Landi - Gino Cervi 1966 Maigret à Pigalle
33%
Grangier - Jean Gabin - 1963 Maigret voit rouge
33%
Parry - Stanley Holloway - 1950 Midnight episode
33%
* Langlois - Daniel Prévost - 2006 Monsieur Joseph
33%
Lacombe - Raimu - 1942 Monsieur La Souris
33%
Pottier - Albert Préjean - 1943 Picpus
33%
* Koralnik - Tom Novembre - 1989 Quartier Nègre
33%
* Cottafavi - Antonio Cannas - 1957 Sept petites croix
33%
Carné - Annie Girardot - 1965 Trois chambres à Manhattan
33%
* Axel - Michel Bouquet - 1981 Antoine et Julie
0%
* Mignogna - Eulalia Ramon - 2001 Coup de Lune
0%
Doehner - Patricia Llaca - 2002 La habitacion azul
0%
* Devers - Bernard Verley - 1995 Le crime de M. Stil
0%
* Lefranc - Pierre Risch - 1980 L'enterrement de M. Bouvet
0%
Cordier - Maurice Manson - 1956 Maigret dirige l'enquête
0%
Weidenmann - Charles Régnier - 1966 Maigret fait mouche
0%
Aucun quiz correspondant
Distribution des résultats
% des personnes avec chaque résultat
Percentile par nombre de réponses
Votre historique - résultats
Vous n’avez pas pris ce quiz